El amor, las mujeres y la vida /
Guardado en:
| Autor Principal: | |
|---|---|
| Formato: | Libro |
| Publicado: |
Buenos Aires :
Sudamericana,
2000
|
| Series: | Biblioteca Benedetti
|
| Materias: | |
| Etiquetas: |
Agregar Etiqueta
Sin Etiquetas, Sea el primero en etiquetar este registro!
|
| LEADER | 00699nam a22002295a 4500 | ||
|---|---|---|---|
| 001 | CEM.cems010688 | ||
| 008 | 130507s2000##################000#0#####d | ||
| 005 | 20220302185932.0 | ||
| 003 | CEMS | ||
| 245 | 1 | 0 | |a El amor, las mujeres y la vida / |c Mario Benedetti |
| 260 | |a Buenos Aires : |b Sudamericana, |c 2000 | ||
| 300 | |a 181 p. | ||
| 490 | 0 | |a Biblioteca Benedetti | |
| 020 | |a 950071812X | ||
| 100 | 1 | |a Benedetti, Mario | |
| 082 | 0 | 4 | |a U861.4 |
| 653 | |a Literatura | ||
| 653 | |a Poesía uruguaya-siglo 20 | ||
| 653 | |a Poesías | ||
| 653 | |a Literatura uruguaya | ||
| 859 | |a CEMS |b BIB. CEMS - 11 de abril |h U861.4 |i B434-2 |p 21316.01 |t Ej.1 | ||
| 859 | |a CEMS |b BIB. CEMS - 11 de abril |h U861.4 |i B434-2 |p 29212.22 |t Ej.2 | ||
